Statistics for Famous Football Players Picture Quiz - Serbia

Click here to take the quiz!

General Stats

  • This quiz has been taken 211 times
  • The average score is 11 of 15

Answer Stats

Answer% Correct
Nemanja Vidić
98%
Nemanja Matić
97%
Aleksandar Kolarov
96%
Branislav Ivanović
94%
Aleksandar Mitrović
89%
Dejan Stanković
82%
Siniša Mihajlović
76%
Luka Milivojević
73%
Adem Ljajić
72%
Dragan Stojković - Piksi
60%
Mateja Kežman
52%
Dejan Savićević
49%
Predrag Mijatović
48%
Dragan Džajić
46%
Mladen Krstajić
46%

Score Distribution

Percentile by Number Answered

Percent of People with Each Score

Your Score History

You have not taken this quiz